[Event "Osijek op"]
[Site "Osijek"]
[Date "2008.12.11"]
[Round "4"]
[White "Elezovic, Damir"]
[Black "Gardijan, Milan"]
[Result "0-1"]
[WhiteElo "2020"]
[BlackElo "2088"]
[PlyCount "80"]
[EventDate "2008.12.08"]
[EventType "swiss"]
[EventRounds "9"]
[EventCountry "CRO"]
[SourceTitle "CBM 128 Extra"]
[Source "ChessBase"]
[SourceDate "2009.03.05"]
[SourceVersion "2"]
[SourceVersionDate "2009.03.25"]
[SourceQuality "1"]

1. e4 e6 2. d4 d5 3. Nc3 Bb4 4. e5 Ne7 5. a3 Bxc3+ 6. bxc3 c5 7. Nf3 Bd7 8. Be2 Ba4 9. Rb1 Qc7 10. Bb5+ Bxb5 11. Rxb5 Nd7 12. 0-0 a6 13. Rb3 b5 14. Bg5 f6 15. exf6 gxf6 16. Bh4 Nf5 17. Re1 Qc6 18. Qe2 Ng7 19. dxc5 0-0 20. Nd4 Qxc5 21. Nxe6 Nxe6 22. Qxe6+ Rf7 23. c4 Raf8 24. cxd5 Qd4 25. Bg3 Nc5 26. Be5 fxe5 27. Rg3+ Kh8 28. Qxe5+ Qxe5 29. Rxe5 Rxf2 30. Rf3 R8xf3 31. gxf3 Rxf3 32. d6 Nb7 33. d7 Kg7 34. a4 bxa4 35. Ra5 Rf6 36. c4 Rd6 37. Rxa4 Nc5 38. Ra5 Nxd7 39. Kf2 Kf6 40. Ke3 Ne5 0-1

[Event "Osijek op"]
[Site "Osijek"]
[Date "2005.02.12"]
[Round "1"]
[White "Rilko, Danijel"]
[Black "Gardijan, Milan"]
[Result "1/2-1/2"]
[WhiteElo "1765"]
[BlackElo "2155"]
[PlyCount "159"]
[EventDate "2005.02.12"]
[EventType "swiss"]
[EventRounds "9"]
[EventCountry "CRO"]
[SourceTitle "EXT 2006"]
[Source "ChessBase"]
[SourceDate "2005.11.24"]
[SourceVersion "1"]
[SourceVersionDate "2005.11.24"]
[SourceQuality "1"]

1. e4 e6 2. d4 d5 3. e5 c5 4. Bb5+ Nc6 5. Bxc6+ bxc6 6. c3 Qb6 7. Ne2 f6 8. exf6 Nxf6 9. Qb3 Ba6 10. Qxb6 axb6 11. Be3 Ng4 12. h3 Nxe3 13. fxe3 Be7 14. Nf4 Bh4+ 15. Kd1 Kd7 16. Nd2 Bf2 17. Nf3 Rae8 18. Ne5+ Kc7 19. Kd2 g5 20. Nh5 Rhf8 21. Nd3 Re7 22. dxc5 bxc5 23. Nxc5 Bc8 24. b4 e5 25. a4 d4 26. exd4 exd4 27. cxd4 Bxd4 28. Rae1 Rf2+ 29. Kd3 Bxc5 30. bxc5 Rd7+ 31. Kc3 Ba6 32. Re3 Be2 33. g4 Bd1 34. Rhe1 Rc2+ 35. Kb4 Rd4+ 36. Ka3 Rxc5 37. Re7+ Kb6 38. R7e4 Rc3+ 39. Kb2 Rxe4 40. Rxe4 Rxh3 41. Nf6 h6 42. Rd4 Bf3 43. Nd7+ Kc7 44. Ne5 Bd5 45. Rb4 Kd6 46. Ng6 Rf3 47. Rb8 Rf6 48. Nh8 Kc7 49. Re8 Kd7 50. Rb8 c5 51. Kc3 Kc7 52. Re8 Kd7 53. Re5 Kd6 54. Re8 Bc6 55. Rd8+ Kc7 56. Rg8 Bxa4 57. Kc4 Rf4+ 58. Kxc5 Bb3 59. Rg7+ Kd8 60. Kd6 Rd4+ 61. Ke5 Rxg4 62. Nf7+ Bxf7 63. Rxf7 Ke8 64. Rh7 Rh4 65. Ke6 Kf8 66. Kf6 Rf4+ 67. Ke5 Rh4 68. Kf6 Ke8 69. Ke6 Kd8 70. Kd6 Rd4+ 71. Ke5 Rh4 72. Kd6 Ke8 73. Ke6 Kf8 74. Kf6 Kg8 75. Rd7 Rf4+ 76. Kg6 Kf8 77. Kxh6 g4 78. Kg5 Rc4 79. Rd3 Kf7 80. Rg3 1/2-1/2